[Event "Arosa HT2 op"]
[Site "Arosa"]
[Date "1996.07.13"]
[Round "3.49"]
[White "Felder, Markus"]
[Black "Butzerin, Karl"]
[Result "0-1"]
[WhiteElo "1655"]
[BlackElo "1830"]
[PlyCount "62"]
[EventDate "1996.07.11"]
[EventType "swiss"]
[EventRounds "7"]
[EventCountry "SUI"]
[SourceTitle "EXT 2013"]
[Source "ChessBase"]
[SourceDate "2012.11.22"]
[SourceVersion "1"]
[SourceVersionDate "2012.11.22"]
[SourceQuality "1"]

1. e4 g6 2. d4 Bg7 3. Nf3 d6 4. Be2 Nf6 5. Nc3 0-0 6. h3 Nbd7 7. Be3 c5 8. 0-0 b6 9. Qd2 a6 10. a4 Qc7 11. Rfd1 Bb7 12. d5 Ne8 13. Bf4 Ndf6 14. e5 Nh5 15. exd6 Nxd6 16. Bh2 Rad8 17. Rab1 Qd7 18. g4 Nf6 19. Ne5 Qc8 20. f4 Nd7 21. Qe3 Rde8 22. Bf3 e6 23. Qd2 exd5 24. Nxd7 Qxd7 25. Bxd5 Bd4+ 26. Kf1 Bxd5 27. Nxd5 Ne4 28. Qd3 Qxd5 29. c3 Nxc3 30. Qg3 Nxb1 31. Rxb1 Qc4+ 0-1